| 000 | 01178cam a22002891 4500 | ||
|---|---|---|---|
| 001 | s 13000119 | ||
| 003 | DLC | ||
| 005 | 20260227111911.0 | ||
| 008 | 790618s1877 dcu 000 0 eng c | ||
| 010 | _as 13000119 | ||
| 035 | _a(OCoLC)5079443 | ||
| 040 |
_aSmithsonian Inst. Library _cOGK _dDLC |
||
| 042 | _apremarc | ||
| 050 | 0 | 0 |
_aQ11 _b.U6 no. 7 |
| 051 |
_aQL345.H3 _bS7 _cCopy 2. |
||
| 100 | 1 |
_aStreets, Thomas Hale, _d1847-1925. |
|
| 245 | 0 | 0 |
_aContributions to the natural history of the Hawaiian and Fanning islands and Lower California, _bmade in connection with the United States North Pacific surveying expedition, 1873-75. _cBy Thos. H. Streets. |
| 260 |
_aWashington, _bGovt. print. off., _c1877. |
||
| 300 |
_a172 p. _c25 cm. |
||
| 490 | 0 |
_aBulletin of the United States National Museum. _vno. 7 |
|
| 500 | _aIssued also as vol. XIII, art. 7 in Smithsonian miscellaneous collections. | ||
| 500 | _aSmithsonian institution publication 303. | ||
| 650 | 0 |
_aAnimals _zHawaii. |
|
| 650 | 0 |
_aAnimals _zKiribati _zFanning Island. |
|
| 650 | 0 |
_aAnimals _zMexico _zBaja California (Peninsula) |
|
| 710 | 2 | _aUnited States North Pacific surveying expedition, 1873-75. | |
| 999 |
_c52668 _d52668 |
||